Guess the Hamilton Song #2 - Statistics

General Stats
  • This quiz has been taken 312 times
  • The average score is 173 of 261
Answer Stats
Lyrics % Correct
a
98%
A
98%
I
98%
the
92%
The
92%
you
83%
my
82%
is
81%
In
80%
in
80%
it
80%
it,
80%
me
77%
of
77%
to
77%
and
76%
And
76%
There
76%
eye
75%
For
75%
for
75%
was
75%
We
75%
hurricane
73%
hurricane,
73%
on
73%
When
70%
when
70%
just
67%
quiet
67%
Wait
67%
wait
67%
moment
66%
see
66%
die
65%
Eliza
65%
out
65%
she
65%
She
65%
can
64%
could
64%
way
64%
Way
64%
its
62%
were
62%
as
61%
wrote
61%
Wrote
61%
couldn't
60%
seem
59%
eyes
58%
love
58%
This
58%
this
58%
They
57%
write
57%
Write
57%
down
56%
down,
56%
far
56%
letters
56%
mother
56%
that
56%
town
56%
sky
55%
up
55%
holding
54%
yellow
54%
Destroyed
53%
everything
53%
has
53%
I'll
53%
Pamphlet
53%
Reynolds
53%
died
52%
had
52%
didn't
51%
History
51%
New
51%
only
51%
sick
51%
until
51%
York
51%
by
50%
fell
50%
legacy
50%
hell
49%
well
49%
drown
48%
protect
47%
story
47%
seventeen
46%
Ship
46%
defended
44%
Moved
44%
revolution
44%
strangers
44%
than
44%
twelve
44%
with
44%
bound
43%
looked
43%
own
43%
about
42%
around
42%
enough
42%
kindness
42%
pen,
42%
Total
42%
passed
41%
bell
40%
deliverance
40%
into
40%
them
40%
crack
39%
Raised
39%
louder
38%
passage
38%
picked
38%
plate
38%
face
37%
God
36%
resistance
36%
existence
35%
systems
35%
ignorance
34%
financial
33%
honesty
33%
prayers
33%
indifference
32%
met
31%
Overwhelm
31%
book
30%
Constitiution
7%
No matching quizzes found
Score Distribution
Percent of People with Each Score
Percentile by Number Answered
Your Score History
You have not taken this quiz